000 00313nam a2200121 a 4500
005 20140412111415.0
008 070710s19uu xx 00 eng d
020 _a2-89433-475-3
050 _aER
_bBe385 1997
245 _aBeauty and the beast.
260 _aChina :
_bBrimar publishing,
_c10703.
999 _c105808
_d105808